000 01760nam0a2200301 4500
001 RU\NLR\bibl\921922
005 20260407134508.0
021 _aRU
_b2006-5556
_9263
035 _a(NLR Aleph) 000910198
090 _a35166
_c35166
100 _a20060327d2005 |||y0rusy50 ca
101 0 _arus
102 _aRU
105 _ay |||||||||
200 1 _aКонцепции современного естествознания
_eучебно-методический комплекс для студентов очной и заочной форм обучения специальности 030501
_fГос. образоват. учреждение высш. проф. образования "Рос. тамож. акад.", С.-Петерб. фил. им. В.В. Бобкова, Каф. товароведения и тамож. экспертизы
_g[Багрикова С.В.]
210 _aСанкт-Петербург
_cЛИСС
_d2005
215 _a56 с.
_d21
320 _aБиблиогр.: с. 39-45
606 1 _aЕстествознание
_jУчебные издания для высших учебных заведений
_xКонцептуальные основы
_92074520
_3RU\NLR\auth\661249523
686 _aБ.в43я73
702 1 _aБагрикова
_bС. В.
_gСветлана Васильевна
_4220
712 0 2 _4570
_aРоссийская таможенная академия
_bСанкт-Петербургский филиал им. В. Б. Бобкова
_bКафедра товароведения и таможенной экспертизы
_3RU\NLR\AUTH\8810080996
_9664213
801 0 _aRU
_bNLR
_c20060327
_grcr
801 1 _aRU
_bNLR
_c20060327
830 _aсост. по эк
942 _cBOOK
980 _aNB